Представление документа в формате RUSMARC

ПолеНазваниеЗначение
  Тип записи a
  Библиографический уровень a
001 Контрольный номер RU/CBS_UL/BASE/9f44f303fd7f45b7b813240997f92d79
005 Дата корректировки 20240216141403.3
100 Данные общей обработки __
a Данные общей обработки 20240216 ||| 0rusy0189 ca
101 Язык документа 0_
a Язык текста rus
102 Страна публикации __
a Страна публикации RU
200 Заглавие и сведения об ответственности 1_
a Заглавие Послеродовая депрессия
e Сведения, относящиеся к заглавию [так ли всё просто]
f Первые сведения об ответственности В. Зур
300 Общие примечания __
a Общие примечания 16+
461 Уровень набора _0
1 2000
a Здоровье
463 Уровень физической единицы _0
1 2000
a № 10
v С. 22-25
1 2101
d 2023
1 001RU/CBS_UL/BASE/c9a9657921e24e87a8de8a0a59781b28
606 Тематические рубрики 0_
a Основная рубрика Послеродовая депрессия
610 Ключевые слова 0_
a Ключевые слова женские депрессии
610 Ключевые слова 0_
a Ключевые слова депрессии
610 Ключевые слова 0_
a Ключевые слова послеродовая депрессия
610 Ключевые слова 0_
a Ключевые слова психозы
610 Ключевые слова 0_
a Ключевые слова признаки депрессии
686 Индексы других классификаций __
a Классификационный индекс 56.14
700 Автор _1
a Фамилия Зур
b Имя (инициалы) В.
801 Источник записи _0
a Страна RU
b Организация МБУК ЦБС г. Ульяновска
c Дата составления 20240216
g Правила каталогизации RCR
801 Источник записи _1
a Страна RU
b Организация МБУК ЦБС г. Ульяновска
c Дата составления 20240216
g Правила каталогизации RCR
901 Тип документа __
t Тип документа b
w Контрольный № источника RU/CBS_UL/BASE/c9a9657921e24e87a8de8a0a59781b28